000 00462nam a22001817a 4500
003 CEME
005 20210628204037.0
008 210114b xxu||||| |||| 00| 0 eng d
020 _a8121901022
040 _cceme
082 _a621.3121 GUP
100 _aGupta, B.R.Dr
_968410
245 _aGeneration of electrical energy
260 _aNEW DELHI
_bS.CHAND
_c2012
300 _aXVI, 564P
650 _aELECTRICAL ENERGY-GENERATION.
_968411
942 _cBK
_2ddc
999 _c575997
_d575997